000 01233nam0a22002651 4500
001 rc\757763
005 20260407043236.0
035 _a(NLR Aleph) 006285683
090 _a7096260
_c7096260
100 _a20040301d1985 |||y0rusy50 ca
101 0 _arus
102 _aRU
105 _ay |||||||||
200 1 _aКОЖНЫЕ и венерические болезни в трудах ученых средневекового Востока
_e(Метод. рекомендации)
_fМ-во здравоохранения СССР, Среднеаз. мед. педиатр. ин-т
_g[Сост. Л.В. Белова, А.К. Хусанбаева]
210 _aТашкент
_cБ. и.
_d1985
215 _a26 с.
_d21
320 _aБиблиогр.: с. 24-26
702 1 _4220
_aБелова
_bЛ.В.
_cканд. мед. наук, дерматология
_f1951-
_gЛюбовь Владимировна
_9172451
_3RU\NLR\AUTH\770172501
712 0 2 _aСреднеазиатский медицинский педиатрический институт
_cТашкент
_3RU\NLR\AUTH\8810015651
_9529161
801 0 _aRU
_bNLR
_gpsbo
801 1 _aRU
_bELAR
_2rusmarc
852 _aNLR
_j88-4/5610
942 _cBOOK
980 _aNB